Départements de la Normandie - Statistiques

Statistiques générales
  • Ce quiz a été pris 319 fois
  • Le résultat moyen est 4 sur 5
Statistiques - réponses
Numéro Département % Correct
14 Calvados
93%
27 Eure
88%
50 Manche
85%
76 Seine-Maritime
82%
61 Orne
73%
Aucun quiz correspondant
Distribution des résultats
% des personnes avec chaque résultat
Percentile par nombre de réponses
Votre historique - résultats
Vous n’avez pas pris ce quiz